| 000 | 00498nam a2200145Ia 4500 | ||
|---|---|---|---|
| 008 | 220216s9999 xx 000 0 und d | ||
| 100 | _aMukhopadhyay Sujata | ||
| 245 | 0 | _aSelf vulcanizable rubber blend based on neoprene and carboxylated nitrile rubber: Effect of blend ratio on miscibility and physical properties | |
| 260 |
_bJournal of Applied Polymer Science _c1991 |
||
| 300 | _a2284-2293 | ||
| 650 | _aCarboxylated nitrile rubber | ||
| 650 | _aNeorprene | ||
| 700 | _aDe S K | ||
| 942 | _cJS | ||
| 999 |
_c68582 _d68582 |
||